Mastering KVM virtualization / (Record no. 14593)

MARC details
000 -LEADER
fixed length control field 00864 a2200277 4500
001 - CONTROL NUMBER
control field TB12084
003 - CONTROL NUMBER IDENTIFIER
control field IN-BhIIT
005 - DATE AND TIME OF LATEST TRANSACTION
control field 20250805082319.0
008 - FIXED-LENGTH DATA ELEMENTS--GENERAL INFORMATION
fixed length control field 250103b |||||||| |||| 00| 0 eng d
020 ## - INTERNATIONAL STANDARD BOOK NUMBER
ISBN 9781838828714 (pbk)
040 ## - CATALOGING SOURCE
Original cataloging agency IN-BhIIT
041 ## - LANGUAGE CODE
Language code of text eng
082 ## - DEWEY DECIMAL CLASSIFICATION NUMBER
Classification number 005.43
Book number DAK/M
100 ## - MAIN ENTRY--AUTHOR NAME
Personal name Dakic, Vedran.
Relator term Author
245 ## - TITLE STATEMENT
Title Mastering KVM virtualization /
Statement of responsibility, etc by Vedran Dakic ... [et al.].
250 ## - EDITION STATEMENT
Edition statement 2nd ed.
260 ## - PUBLICATION, DISTRIBUTION, ETC. (IMPRINT)
Place of publication Brimingham :
Name of publisher Packt,
Year of publication 2020.
300 ## - PHYSICAL DESCRIPTION
Number of Pages xiii, 663 p. :
Other physical details(ill.) ill. ;
Dimensions(size) 24 cm.
504 ## - BIBLIOGRAPHY, ETC. NOTE
Bibliography, etc Includes bibliographical references and index.
650 ## - SUBJECT ADDED ENTRY--TOPICAL TERM
Topical Term Computer science
Topical Term Systems programs
700 ## - ADDED ENTRY--PERSONAL NAME
Personal name Chirammal, Humble Devassy
Relator term Joint author
Personal name Mukhedkar, Prasad
Relator term Joint author
Personal name Vettathu, Anil
Relator term Joint author
942 ## - ADDED ENTRY ELEMENTS (KOHA)
Koha item type Text Book
Koha issues (borrowed), all copies 5
Holdings
Withdrawn status Lost status Damaged status Not for loan Collection code Home library Current library Date acquired Source of acquisition Cost, normal purchase price Full call number Accession Number Cost, replacement price Price effective from Koha item type
Not withdrawn Not Lost not damaged     Central Library, IIT Bhubaneswar Central Library, IIT Bhubaneswar 31/12/2024 26 3072.00 005.43 DAK/M TB12088 4096.00 31/12/2024 Text Book
Not withdrawn Not Lost not damaged     Central Library, IIT Bhubaneswar Central Library, IIT Bhubaneswar 31/12/2024 26 3072.00 005.43 DAK/M TB12087 4096.00 31/12/2024 Text Book
Not withdrawn Not Lost not damaged     Central Library, IIT Bhubaneswar Central Library, IIT Bhubaneswar 31/12/2024 26 3072.00 005.43 DAK/M TB12086 4096.00 31/12/2024 Text Book
Not withdrawn Not Lost not damaged     Central Library, IIT Bhubaneswar Central Library, IIT Bhubaneswar 31/12/2024 26 3072.00 005.43 DAK/M TB12089 4096.00 31/12/2024 Text Book
Not withdrawn Not Lost not damaged     Central Library, IIT Bhubaneswar Central Library, IIT Bhubaneswar 31/12/2024 26 3072.00 005.43 DAK/M TB12085 4096.00 31/12/2024 Text Book
Not withdrawn Not Lost not damaged     Central Library, IIT Bhubaneswar Central Library, IIT Bhubaneswar 31/12/2024 26 3072.00 005.43 DAK/M TB12084 4096.00 31/12/2024 Course Reserve

Central Library, Indian Institute of Technology Bhubaneswar, 4th Floor, Administrative Building, Argul, Khordha, PIN-752050, Odisha, India
Phone: +91-674-7138750 | Email: circulation.library@iitbbs.ac.in (For circulation related queries),
Email: info.library@iitbbs.ac.in (For other queries)